Huế xưa & nay /
Tallennettuna:
| Yhteisötekijä: | |
|---|---|
| Aineistotyyppi: | Aikakauslehti |
| Kieli: | Vietnamese |
| Julkaistu: |
Huế.:
,
2004-
|
| Tagit: |
Lisää tagi
Ei tageja, Lisää ensimmäinen tagi!
|
| Thư viện lưu trữ: | Thư viện Trường Đại học Đà Lạt |
|---|
| LEADER | 00565nam a2200217 4500 | ||
|---|---|---|---|
| 001 | DLU050049355 | ||
| 040 | # | # | |a DLU |b vie |
| 041 | # | # | |a vie |
| 110 | # | # | |a Hội khoa học lịch sử tỉnh Thừa Thiên Huế |
| 245 | # | # | |a Huế xưa & nay / |c Hội khoa học lịch sử tỉnh Thừa Thiên Huế |
| 246 | # | # | |a Huế xưa và nay |
| 260 | # | # | |a Huế.: |b , |c 2004- |
| 300 | # | # | |a tr.; |c 25cm |
| 994 | # | # | |a DLU |
| 900 | # | # | |a True |
| 911 | # | # | |a Nguyễn Thị Yên |
| 925 | # | # | |a G |
| 926 | # | # | |a A |
| 927 | # | # | |a TT |
| 980 | # | # | |a Thư viện Trường Đại học Đà Lạt |